Fisonomía histórica de Chile
Saved in:
| Hovedforfatter: | |
|---|---|
| Format: | Bog |
| Sprog: | spansk |
| Udgivet: |
Santiago
Universitaria
1979
|
| Udgivelse: | 7a. ed |
| Serier: | Cormorán. Colección imagen de Chile
|
| Fag: | |
| Tags: |
Tilføj Tag
Ingen Tags, Vær først til at tagge denne postø!
|
MARC
| LEADER | 00000nam a2200000 a 4500 | ||
|---|---|---|---|
| 001 | UCZ0088 | ||
| 003 | CL-VaPUC | ||
| 008 | 950724e19791000CL |||||||||||||||||spa|d | ||
| 082 | 0 | 4 | |a 983 |b EYZ |2 21 |
| 100 | |a Eyzaguirre Gutiérrez, Jaime |e autor |9 584583 | ||
| 245 | 1 | 0 | |a Fisonomía histórica de Chile |
| 250 | |a 7a. ed | ||
| 300 | |a 181 p | ||
| 942 | |c BK | ||
| 945 | |d 19950724 00:00:00 |a cmena | ||
| 260 | |a Santiago |b Universitaria |c 1979 | ||
| 650 | 0 | |a Historia |9 255047 | |
| 650 | 0 | |a Cultura |9 269059 | |
| 651 | 7 | |a CHILE |2 CL-VaPUC |9 342699 | |
| 583 | |a last modification |c 19950724 00:00:00 |k Rodrigo Vera | ||
| 490 | 0 | |a Cormorán. Colección imagen de Chile | |
| 999 | |c 237061 |d 237059 | ||
| 952 | |0 0 |1 0 |4 0 |6 983_000000000000000_EYZ_1979 |7 0 |8 A |9 245770 |a BIBEDU |b BIBEDU |d 2019-11-18 |i 1542591 |o 983 EYZ 1979 |p 1542591 |r 2019-11-18 |w 2019-11-18 |y BK |k EDU | ||
| 952 | |0 0 |1 0 |4 0 |6 983_000000000000000_EYZ_1979 |7 0 |8 A |9 245771 |a BIBEDU |b BIBEDU |d 2019-11-18 |i 1542605 |o 983 EYZ 1979 |p 1542605 |r 2019-11-18 |w 2019-11-18 |y BK |k EDU | ||
| 952 | |0 0 |1 0 |4 0 |6 983_000000000000000_EYZ_1979 |7 0 |8 A |9 245772 |a BIBEDU |b BIBEDU |d 2019-11-18 |i 4031474 |l 1 |o 983 EYZ 1979 |p 4031474 |r 2022-09-26 |s 2022-09-26 |w 2019-11-18 |y BK |k BME | ||